000 01147nam a2200325 a 4500
001 vtls001554663
003 NLI
005 20210627154148.0
008 121212m1941uuuuii s000 0 eng
039 9 _y201212121842
_zVLOAD
040 0 _aNLI
_beng
_cXData_3
_eAACR2
041 0 _aeng
044 _aii
082 0 4 _a351.5[1](54)
110 1 _aIndia (British).
_bDepartment of Labour
245 1 0 _aCourt of Enquiry :
_bconstituted under the trade disputes act, 1929 to investigate the question of dearness allowence for railway employees /
_cDepartment of Labour, India (British)
260 _aDelhi :
_bManager of Publication,
_c1941-
300 _a-v. ;
_c25 cm.
500 _aLibrary has vol.1
500 _aGovernment publication
505 0 _aVol.1 Report
650 0 _aAdministrative agencies
_zIndia
_9748742
650 0 _aAdministrative courts
_zIndia
_91005320
651 0 _aIndia
_xOfficials and employees
_xDiscipline
887 _a
901 _aIMP22176 date
_b22.2.1910
902 _aGP 351.5[1](54) In 2 eda
949 _AVIRTUAITEM
_D10003
_X100
_6IOD000022176ENG
942 _00
_10
_40
_70
_aNLI
_bNLI
_yBKS
_d-
999 _aVIRTUA40
_c1007015
_d1007015